Digital Electronics 4th sem ECE (Record no. 162573)

MARC details
000 -LEADER
fixed length control field 00446nam a2200193Ia 4500
008 - FIXED-LENGTH DATA ELEMENTS--GENERAL INFORMATION
fixed length control field 240823s9999||||xx |||||||||||||| ||und||
082 ## - DEWEY DECIMAL CLASSIFICATION NUMBER
-- 621.395 P2
100 ## - MAIN ENTRY--PERSONAL NAME
Personal name Godse A P
245 #0 - TITLE STATEMENT
Title Digital Electronics 4th sem ECE
250 ## - EDITION STATEMENT
Edition statement 1st
260 ## - PUBLICATION, DISTRIBUTION, ETC. (IMPRINT)
Name of publisher, distributor, etc "Technical Pub,Ch"
500 ## - GENERAL NOTE
General note YES
650 ## - SUBJECT ADDED ENTRY--TOPICAL TERM
Topical term or geographic name as entry element Electronics
700 ## - ADDED ENTRY--PERSONAL NAME
Personal name Godse D A
942 ## - ADDED ENTRY ELEMENTS (KOHA)
Item type Books
Holdings
Withdrawn status Lost status Damaged status Permanent location Current location Date acquired Cost, normal purchase price Full call number Barcode Date last seen Koha item type
      CENTRAL LIBRARY, NOORUL ISLAM CENTRE FOR HIGHER EDUCATION CENTRAL LIBRARY, NOORUL ISLAM CENTRE FOR HIGHER EDUCATION 05/09/2003 225.00 621.395 P2 17582 08/23/2024 Books
Visitors:
Copyright © 2024 Central Library NICHE.  All rights reserved.